ARRUPE JESUIT UNIVERSITY

CORONAVIRUS -STOP THE SPREAD - CLEAN,DISINFECT,COVER

The new Penguin history of the world (Record no. 120791)

MARC details
000 -LEADER
fixed length control field 00403nam a22001337a 4500
005 - DATE AND TIME OF LATEST TRANSACTION
control field 20140916020008.0
008 - FIXED-LENGTH DATA ELEMENTS--GENERAL INFORMATION
fixed length control field 140908b xxu||||| |||| 00| 0 eng d
050 ## - LIBRARY OF CONGRESS CALL NUMBER
Classification number D20.
Item number R65 2007
100 ## - MAIN ENTRY--PERSONAL NAME
Personal name Roberst, John Morris
9 (RLIN) 11110
245 ## - TITLE STATEMENT
Title The new Penguin history of the world
Statement of responsibility, etc Roberst, John Morris
260 ## - PUBLICATION, DISTRIBUTION, ETC. (IMPRINT)
Place of publication, distribution, etc London
Name of publisher, distributor, etc Penguin Books
Date of publication, distribution, etc 2007
300 ## - PHYSICAL DESCRIPTION
Extent xv, 1237p.;
Dimensions 20cm.
942 ## - ADDED ENTRY ELEMENTS (KOHA)
Source of classification or shelving scheme Library of Congress Classification
Item type Monograph ( Printed materials)
Koha issues (borrowed), all copies 1
Holdings
Withdrawn status Lost status Source of classification or shelving scheme Damaged status Not for loan Collection code Home library Current library Shelving location Date acquired Total Checkouts Full call number Barcode Date last seen Date last borrowed Price effective from Koha item type
    Library of Congress Classification     Main Collection ARRUPE LIBRARY ARRUPE LIBRARY Main Collection 08/09/2014 10 D20. R65 2007 46500001467 09/05/2024 11/03/2024 08/09/2014 Monograph ( Printed materials)

 

Arrupe Library. PO Box MP320 Mt Pleasant, Harare, Zimbabwe
263 242 745411|librarian@aju.ac.zw